BIBLIOTECA PODER JUDICIAL
Portal Judicial TDF

Tiempo compartido : (Registro nro. 1488)

000 -LEADER
fixed length control field 00837nam a22002177a 4500
003 - CONTROL NUMBER IDENTIFIER
control field OSt
005 - DATE AND TIME OF LATEST TRANSACTION
control field 20180922152743.0
008 - FIXED-LENGTH DATA ELEMENTS--GENERAL INFORMATION
fixed length control field 180307b xxu||||| |||| 00| 0 spa d
020 ## - INTERNATIONAL STANDARD BOOK NUMBER
International Standard Book Number 950200454X
040 ## - CATALOGING SOURCE
Transcribing agency PJ
100 ## - ASIENTO PRINCIPAL - NOMBRE DE PERSONA
9 (RLIN) 2236
Personal name Di Filippo, María Isabel
245 10 - MENCIÓN DE TÍTULO
Título propiamente dicho Tiempo compartido :
Parte restante del título un condominio especial /
260 ## - PUBLICATION, DISTRIBUTION, ETC. (IMPRINT)
Place of publication, distribution, etc Buenos Aires :
Name of publisher, distributor, etc Abeledo-Perrot,
Date of publication, distribution, etc 1987.
300 ## - DESCRIPCION FISICA
Extent 206 p.
Dimensions 23 cm.
504 ## - NOTA DE BIBLIOGRAFÍA, ETC.
Bibliography, etc Bibliografía: p. 203-204.
505 ## - FORMATTED CONTENTS NOTE
Formatted contents note Contenido:<br/>Introducción -- La realidad negocial - precisiones técnicas -- Soluciones extranjeras -- Aportes de solución en nuestro país. Críticas -- Nuestra tesis. El tiempo compartido como condominio especial.
650 #0 - ASIENTO SECUNDARIO DE MATERIA - TERMINO TEMATICO
9 (RLIN) 352
Topical term or geographic name as entry element DERECHO CIVIL
650 #0 - ASIENTO SECUNDARIO DE MATERIA - TERMINO TEMATICO
9 (RLIN) 1821
Topical term or geographic name as entry element DERECHOS REALES
650 #0 - ASIENTO SECUNDARIO DE MATERIA - TERMINO TEMATICO
9 (RLIN) 2237
Topical term or geographic name as entry element TIEMPO COMPARTIDO
942 ## - ADDED ENTRY ELEMENTS (KOHA)
Source of classification or shelving scheme
Koha item type Libros
Classification part 347.238.3
Item part DIF
Existencias
Withdrawn status Lost status Source of classification or shelving scheme Damaged status Not for loan Permanent Location Current Location Date acquired Full call number Barcode Date last seen Price effective from Koha item type
          Biblioteca Poder Judicial Norte Biblioteca Poder Judicial Norte 2018-09-21 347.238.3 DIF RG 2197 2024-12-01 2018-09-21 Libros
          Biblioteca Poder Judicial Sur Biblioteca Poder Judicial Sur 2018-09-21 347.238.3 DIF 6247 2018-09-21 2018-09-21 Libros

12 de Octubre 789 Ushuaia - Tel:  54(02901)441571
Horario de Atención: 8.00 a 17.00 hs. 
bibliotecaush@justierradelfuego.gov.ar
koha@justierradelfuego.gov.ar
Seguinos en nuestras redes @bibliojustdf 

Con tecnología Koha